The impact of sustainability on the investment environment (Record no. 115973)
[ view plain ]
| 000 -LEADER | |
|---|---|
| fixed length control field | 01513cad a22002535a 4500 |
| 001 - CONTROL NUMBER | |
| control field | L159524 |
| 008 - FIXED-LENGTH DATA ELEMENTS--GENERAL INFORMATION | |
| fixed length control field | 080502e20080312xxk f 000 0 eng d |
| 035 ## - SYSTEM CONTROL NUMBER | |
| System control number | (Sirsi) u159524 |
| 041 0# - LANGUAGE CODE | |
| Language code of text/sound track or separate title | eng |
| 050 04 - LIBRARY OF CONGRESS CALL NUMBER | |
| -- | 18 |
| 110 2# - MAIN ENTRY--CORPORATE NAME | |
| Corporate name or jurisdiction name as entry element | Royal Institution of Chartered Surveyors |
| 9 (RLIN) | 4900 |
| 245 04 - TITLE STATEMENT | |
| Title | The impact of sustainability on the investment environment |
| Remainder of title | a case study of Australia |
| Medium | [electronic resource] |
| 260 ## - PUBLICATION, DISTRIBUTION, ETC. | |
| Place of publication, distribution, etc. | London |
| Name of publisher, distributor, etc. | RICS |
| Date of publication, distribution, etc. | 2008 |
| 490 #0 - SERIES STATEMENT | |
| Series statement | RICS Research Paper Series |
| Volume/sequential designation | 7(18) |
| 505 2# - FORMATTED CONTENTS NOTE | |
| Formatted contents note | Introduction -- What is sustainability? -- Sustainability and risk management -- The economics of sustainability -- The impact of sustainability -- Investment environment -- Built environment -- Regulatory environment -- Outstanding industry issues -- Final remarks. |
| 520 ## - SUMMARY, ETC. | |
| Summary, etc. | Investigates a number of key issues surrounding the impact of sustainability from an investment perspective, and concludes that the key challenges are to accurately price and value responsible investments and to develop strategies for managing risks and converting these into business opportunities. Consequently, there is a competitive advantage for industry players who effectively embrace responsible investments. |
| 521 2# - TARGET AUDIENCE NOTE | |
| Target audience note | Advanced |
| 590 ## - LOCAL NOTE (RLIN) | |
| Local note | KA |
| 651 #4 - SUBJECT ADDED ENTRY--GEOGRAPHIC NAME | |
| Geographic name | Australia |
| 700 1# - ADDED ENTRY--PERSONAL NAME | |
| Personal name | Levy, Deborah |
| 700 1# - ADDED ENTRY--PERSONAL NAME | |
| Personal name | Francesco, Anthony De |
| 856 40 - ELECTRONIC LOCATION AND ACCESS | |
| Uniform Resource Identifier | <a href="https://www.rics.org/Global/Downloads/TheImpactOfSustainabilityOnTheInvestmentEnvironment2008Sep.pdf">https://www.rics.org/Global/Downloads/TheImpactOfSustainabilityOnTheInvestmentEnvironment2008Sep.pdf</a> |
| Public note | View the item free of charge at www.rics.org... |
| 942 ## - ADDED ENTRY ELEMENTS (KOHA) | |
| Suppress in OPAC | 0 |
| Withdrawn status | Lost status | Source of classification or shelving scheme | Damaged status | Not for loan | Home library | Current library | Shelving location | Date acquired | Total Checkouts | Full call number | Barcode | Date last seen | Copy number | Price effective from | Koha item type |
|---|---|---|---|---|---|---|---|---|---|---|---|---|---|---|---|
| Dewey Decimal Classification | Virtual | Virtual | Online | 10/08/2017 | ONLINE PUBLICATION | 159524-2001 | 06/08/2019 | 1 | 06/08/2019 | Book |